• 首页
  • 本馆介绍
  • 公告通知
  • 最新文献
  • 馆藏检索
  • 电子资源
  • 读者导购
  • 参考咨询
  • 我的图书馆
  • 登录
  • 详细信息显示
  • 放入我的书架
  • 预约/预借图书
  • 作者相关作品
  • 分类相关作品
  • 丛书相关作品
  • 出版社相关作品

书目信息

  • 表格格式
  • 工作单格式
  • 卡片格式
题名:
梦二画集
    
 
作者: 竹久梦二, 著 ;郭尔雅 译
分册:   春之卷
出版信息: 北京   现代出版社  2016.1
页数: 208页
开本: 23cm
丛书名: 芦苇文丛·小雅
单 册:
中图分类: I313.25 , J238.5(313)
科图分类:
主题词: 诗集--shi ji--日本--现代 , 插图 (绘画)--cha tu (hui hua )--作品集--日本--现代
电子资源:
ISBN: 978-7-5143-4125-6
000 01103nam0 22003011 450
001 0122100940
005 20170322100940.0
010    @a978-7-5143-4125-6@dCNY55.00
100    @a20151223d2016 em y0chiy50 ea
101 1  @achi@cjpn
102    @aCN@b110000
105    @aa z 000gy
106    @ar
200 1  @a梦二画集@9meng er hua ji@i春之卷@f(日) 竹久梦二著@g郭尔雅译
210    @a北京@c现代出版社@d2016.1
215    @a208页@c图@d23cm
225 2  @a芦苇文丛·小雅@9lu wei wen cong xiao ya@v01
330    @a本书收录的作品包括: 《浪 失落时起 人何来何去》、《咖啡屋》、《房屋出租》、《故居传书信》、《愁人》、《两年之后》、《春雨》、《过沙洲》、《给城里的女人》、《暮钟》、《红日》等。
461  0 @12001 @a芦苇文丛·小雅@v01
517 1  @a春之卷@9chun zhi juan
606 0  @a诗集@9shi ji@y日本@z现代
606 0  @a插图 (绘画)@9cha tu (hui hua )@x作品集@y日本@z现代
690    @aI313.25@v5
690    @aJ238.5(313)@v5
701  0 @a竹久梦二,@9zhu jiu meng er ,@f1884-1934@4著
702  0 @a郭尔雅@9guo er ya@4译
801  0 @aCN@bTANGWEI@c20170308
905    @b0961070-3@dI313.25@e376@f4
    
    梦二画集.春之卷/(日) 竹久梦二著/郭尔雅译.-北京:现代出版社,2016.1
    208页:图;23cm.-(芦苇文丛·小雅;01)
    
    
    ISBN 978-7-5143-4125-6:CNY55.00
    本书收录的作品包括: 《浪 失落时起 人何来何去》、《咖啡屋》、《房屋出租》、《故居传书信》、《愁人》、《两年之后》、《春雨》、《过沙洲》、《给城里的女人》、《暮钟》、《红日》等。
●
相关链接 在E读中查询图书 在五车中查询图书 在当当中查询图书 在豆瓣中查询图书


正题名:梦二画集     索取号:I313.25/376         预约/预借

序号 登录号 条形码 馆藏地/架位号 状态 备注
1 0961070   209610704   第一样本阅览室/ [索取号:I313.25/376] 在馆    
2 0961071   209610713   第二借阅区/ [索取号:I313.25/376] 在馆    
3 0961072   209610722   第二借阅区/ [索取号:I313.25/376] 在馆    
4 0961073   209610731   第二借阅区/ [索取号:I313.25/376] 在馆    
唐山师范学院图书馆 欢迎您!
大连网信软件有限公司© 版权所有